| 000 | 00487nam a2200181Ia 4500 | ||
|---|---|---|---|
| 001 | 18578 | ||
| 005 | 20260306171641.0 | ||
| 008 | 260306s9999||||xx |||||||||||||| ||und|| | ||
| 041 | _aESP | ||
| 082 |
_a658.409 _bM26 |
||
| 100 |
_aMarkides, Constantinos C. _eAUT |
||
| 245 | 0 |
_aEn la estrategia está el éxito: _bguía para formular estrategias revolucionarias |
|
| 260 | _c2007 | ||
| 300 |
_a257 páginas : _c18 cm. |
||
| 650 | _aGEN | ||
| 654 | _aCAN | ||
| 942 |
_cLIB _dJUS _fJUS _2ddc _n |
||
| 999 |
_c18578 _d18578 |
||